Roses and how to grow them
| Main Author: | |
|---|---|
| Format: | Book |
| Published: |
Delhi :
Biotech Books ,
2004
|
| Subjects: |
MARC
| LEADER | 00000cam a2200000 7i4500 | ||
|---|---|---|---|
| 001 | 0000003633 | ||
| 005 | 20080124.0 | ||
| 020 | 0 | 0 | |a 8176220965 |
| 090 | 0 | 0 | |a 583.372 |b WES |
| 100 | 1 | 0 | |a West, R. Barton |
| 245 | 1 | 0 | |a Roses and how to grow them |c R. Barton West |
| 260 | 0 | 0 | |a Delhi : |b Biotech Books , |c 2004 |
| 300 | |a iv, 232 p. : |b ill. ; |c 22 cm. | ||
| 650 | 0 | 0 | |a Roses |
| 650 | 0 | 0 | |a Roses |x Garden |
| 999 | |a 0000007211 |b Monograph |c Open Shelf |e Default branch | ||